Rettili - Morte Improvvisa - Statistics

Statistiche generali
  • Questo quiz è stato fatto 46 volte
  • Il punteggio medio è 10 su 16
Answers on the Grid
Answers color-coded by a green-red scale on the quiz's grid according to % correct below.
Tuatara
Raganella
Caimano Nano
Drago di Komodo
Murena
Struzzo
Diavolo Spinoso
Insetto Stecco
Gaviale
Boa Constrictor
Pesce Drago
Tartaruga Liuto
Tritone Crestato
Anaconda
Granchio Corridore
Cobra
Alligatore del Mississippi
Tartaruga Alligatore
Vipera
Serpente a Sonagli
Salamandra Gigante
Rospo Smeraldino
Geco Comune
Ornitorinco
Anguilla
Ippopotamo
Coccodrillo Marino
Iguana Marina
Cernia
Porcellino di Terra
 
Statistiche sulle risposte
Risposta % Corretto
Drago di Komodo
79%
Caimano Nano
76%
Boa Constrictor
68%
Coccodrillo Marino
68%
Serpente a Sonagli
68%
Vipera
68%
Alligatore del Mississippi
66%
Iguana Marina
66%
Anaconda
63%
Cobra
63%
Geco Comune
61%
Tartaruga Alligatore
55%
Tartaruga Liuto
53%
Diavolo Spinoso
37%
Tuatara
37%
Gaviale
34%
Nessun quiz corrispondente trovato
Distribuzione punteggi
Percentuale di utenti per punteggio
Percentile per numero di risposta
I tuoi punteggi nel tempo
Non hai fatto questo quiz